Ekonomické aspekty medzinárodnej bezpečnosti bakalárska práca

Salvato in:
Dettagli Bibliografici
Autore principale: Zelenková, Zuzana
Ente Autore: Fakulta medzinárodných vzťahov EU. Katedra medzinárodných ekonomických vzťahov a hospodárskej diplomacie
Altri autori: Štefančíková, Michaela
Natura: Libro
Lingua:slovacco
Pubblicazione: Bratislava 2011
Tags: Aggiungi Tag
Nessun Tag, puoi essere il primo ad aggiungerne!!

MARC

LEADER 00000nbm a2200000 4500
001 0131122
005 20161109111409.9
041 0 |a slo 
044 |a SK 
245 1 0 |a Ekonomické aspekty medzinárodnej bezpečnosti  |b bakalárska práca  |c Zuzana Zelenková ; školiteľ: Michaela Štefančíková 
264 1 |a Bratislava  |c 2011 
300 |a 44 s. 
100 1 |a Zelenková, Zuzana 
700 1 |a Štefančíková, Michaela 
710 2 |a Fakulta medzinárodných vzťahov EU. Katedra medzinárodných ekonomických vzťahov a hospodárskej diplomacie